[Event "Oberliga Nord O 0910"]
[Site "Germany"]
[Date "2010.04.11"]
[Round "9.6"]
[White "Bukowski, Henryk"]
[Black "Federau, Juergen"]
[Result "1/2-1/2"]
[WhiteElo "2151"]
[BlackElo "2215"]
[PlyCount "86"]
[EventDate "2009.10.18"]
[EventType "team-tourn"]
[EventRounds "9"]
[EventCountry "GER"]
[SourceTitle "EXT 2011"]
[Source "ChessBase"]
[SourceDate "2010.11.26"]
[SourceVersion "1"]
[SourceVersionDate "2010.11.26"]
[SourceQuality "1"]
[WhiteTeam "Koenig Tegel"]
[BlackTeam "Kreuzberg"]
[WhiteTeamCountry "GER"]
[BlackTeamCountry "GER"]

1. d4 Nf6 2. f4 d5 3. Nf3 Bf5 4. e3 e6 5. Be2 Nbd7 6. 0-0 Be7 7. c3 0-0 8. Ne5 Nxe5 9. fxe5 Ne4 10. Nd2 Nxd2 11. Qxd2 f6 12. exf6 Rxf6 13. Bd3 Bd6 14. Bxf5 Rxf5 15. Rxf5 exf5 16. Qf2 Qf6 17. Bd2 Rf8 18. Rf1 Qh6 19. g3 Qe6 20. Qg2 c6 21. b3 Qe4 22. c4 Qxg2+ 23. Kxg2 g6 24. c5 Bc7 25. b4 Kf7 26. a4 a6 27. Rb1 Ra8 28. h4 h5 29. Kf3 Ke6 30. Be1 Kd7 31. Ke2 Re8 32. Kf3 Ra8 33. Rb3 Re8 34. Bd2 Ra8 35. Be1 Re8 36. Bf2 Ra8 37. Kg2 Re8 38. Rb2 Ra8 39. Kf3 Re8 40. Be1 Ra8 41. Bd2 Re8 42. Bc3 Ra8 43. Bd2 Re8 1/2-1/2

[Event "Berlin-ch"]
[Site "Berlin"]
[Date "2010.04.01"]
[Round "3"]
[White "Sondermann, Johannes"]
[Black "Bukowski, Henryk"]
[Result "0-1"]
[WhiteElo "2078"]
[BlackElo "2151"]
[PlyCount "126"]
[EventDate "2010.03.30"]
[EventType "swiss"]
[EventRounds "9"]
[EventCountry "GER"]
[SourceTitle "CBM 135 Extra"]
[Source "ChessBase"]
[SourceDate "2010.05.04"]
[SourceVersion "1"]
[SourceVersionDate "2010.05.04"]
[SourceQuality "1"]

1. d4 Nf6 2. c4 g6 3. Nc3 Bg7 4. Nf3 d6 5. g3 0-0 6. Bg2 Nbd7 7. 0-0 e5 8. h3 c6 9. e4 Re8 10. Be3 Qc7 11. Qc2 b6 12. Rfd1 Bb7 13. Rac1 exd4 14. Nxd4 Rad8 15. Ndb5 cxb5 16. Nxb5 Qb8 17. Nxd6 Bc6 18. Nxe8 Rxe8 19. Bf4 Qb7 20. f3 Nh5 21. Bd6 Ne5 22. Kh2 Bh6 23. Rb1 Qc8 24. f4 Nxf4 25. gxf4 Bxf4+ 26. Kh1 Qe6 27. Qf2 g5 28. Bxe5 Qxe5 29. Rf1 Qe6 30. Qc2 Qh6 31. Qc3 Rxe4 32. Bxe4 Bxe4+ 33. Kg1 Bxb1 34. Rxb1 Qc6 35. Rd1 Qc5+ 36. Kg2 Be5 37. Rd8+ Kg7 38. Qd2 Bf6 39. Rd7 Qxc4 40. Rd3 Qxa2 41. b3 Qxd2+ 42. Rxd2 h5 43. Kf3 Kg6 44. b4 Kf5 45. Rd7 a5 46. bxa5 bxa5 47. Rd5+ Be5 48. Rxa5 g4+ 49. Kg2 f6 50. h4 Ke4 51. Ra7 f5 52. Rh7 f4 53. Rxh5 f3+ 54. Kf1 Kf4 55. Rh6 Kg3 56. h5 Kh2 57. Rg6 g3 58. Rg4 Kh3 59. Re4 g2+ 60. Kf2 Bg3+ 61. Kxf3 g1Q 62. Re2 Qf1+ 63. Ke3 Bf4+ 0-1

[Event "Berlin-ch"]
[Site "Berlin"]
[Date "2010.03.31"]
[Round "2"]
[White "Bukowski, Henryk"]
[Black "Keskowski, Thilo"]
[Result "1-0"]
[WhiteElo "2151"]
[BlackElo "2164"]
[PlyCount "79"]
[EventDate "2010.03.30"]
[EventType "swiss"]
[EventRounds "9"]
[EventCountry "GER"]
[SourceTitle "CBM 135 Extra"]
[Source "ChessBase"]
[SourceDate "2010.05.04"]
[SourceVersion "1"]
[SourceVersionDate "2010.05.04"]
[SourceQuality "1"]

1. e4 d6 2. d4 Nf6 3. Nc3 g6 4. Nf3 Bg7 5. Be2 0-0 6. 0-0 c6 7. a4 a5 8. h3 Na6 9. Bg5 h6 10. Be3 Nb4 11. Qd2 Kh7 12. Rad1 d5 13. e5 Nd7 14. Nb1 Nb6 15. c3 Na6 16. b3 Bf5 17. Nh4 e6 18. Nxf5 exf5 19. f4 Nc7 20. g4 fxg4 21. hxg4 f5 22. Kg2 Qd7 23. Rh1 Kg8 24. Bd3 Nc8 25. gxf5 gxf5 26. Kf3 Ne7 27. Rdg1 Kf7 28. Qh2 Rg8 29. Qh5+ Kf8 30. Bf2 Qe8 31. Bxf5 Qf7 32. Qxf7+ Kxf7 33. Bh3 Ne6 34. Bh4 Nxf4 35. Kxf4 Ng6+ 36. Rxg6 Kxg6 37. Bf5+ Kf7 38. e6+ Kf8 39. Bh7 Rh8 40. Bg6 1-0

[Event "Berlin-ch"]
[Site "Berlin"]
[Date "2010.03.30"]
[Round "1"]
[White "Schmidt Schaeffer, Sebastian"]
[Black "Bukowski, Henryk"]
[Result "1-0"]
[WhiteElo "2398"]
[BlackElo "2151"]
[PlyCount "59"]
[EventDate "2010.03.30"]
[EventType "swiss"]
[EventRounds "9"]
[EventCountry "GER"]
[SourceTitle "CBM 135 Extra"]
[Source "ChessBase"]
[SourceDate "2010.05.04"]
[SourceVersion "1"]
[SourceVersionDate "2010.05.04"]
[SourceQuality "1"]

1. e4 c6 2. f4 d5 3. e5 Bf5 4. Nf3 e6 5. d4 h5 6. Be2 Be7 7. 0-0 Nd7 8. Be3 Nh6 9. h3 Bg6 10. g3 c5 11. c3 Bf5 12. Kg2 Be4 13. Nbd2 Nf5 14. Bf2 g6 15. g4 hxg4 16. hxg4 Nh4+ 17. Bxh4 Rxh4 18. Nxe4 Rxg4+ 19. Ng3 Rxf4 20. Qd2 Rg4 21. Rh1 Qb6 22. Rh8+ Nf8 23. Kh3 Re4 24. Nxe4 dxe4 25. Ng5 Bxg5 26. Qxg5 Qxb2 27. Rf1 Kd7 28. Rxf7+ Kc6 29. Qe7 Qxc3+ 30. Kg4 1-0

[Event "Oberliga Nord O 0910"]
[Site "Germany"]
[Date "2010.02.07"]
[Round "6.6"]
[White "Bukowski, Henryk"]
[Black "Gross, Thorsten"]
[Result "0-1"]
[WhiteElo "2151"]
[BlackElo "2148"]
[PlyCount "162"]
[EventDate "2009.10.18"]
[EventType "team-tourn"]
[EventRounds "9"]
[EventCountry "GER"]
[SourceTitle "EXT 2011"]
[Source "ChessBase"]
[SourceDate "2010.11.26"]
[SourceVersion "1"]
[SourceVersionDate "2010.11.26"]
[SourceQuality "1"]
[WhiteTeam "Koenig Tegel"]
[BlackTeam "Weisse Dame"]
[WhiteTeamCountry "GER"]
[BlackTeamCountry "GER"]

1. d4 Nf6 2. Nf3 e6 3. Bg5 c5 4. c3 cxd4 5. Nxd4 d5 6. e3 Be7 7. Nd2 0-0 8. N2f3 Nbd7 9. Be2 Ne4 10. Bf4 Bf6 11. Bg3 a6 12. Bd3 e5 13. Nb3 Nxg3 14. hxg3 g6 15. Be2 Nb6 16. 0-0 Qc7 17. Nbd2 Rd8 18. Rc1 Be6 19. Qc2 Rac8 20. Rfd1 Bg7 21. a4 Qc6 22. a5 Nc4 23. Nxc4 dxc4 24. Ng5 Bf5 25. e4 Bd7 26. Rd5 h6 27. Rcd1 hxg5 28. Qd2 Rc7 29. Rd6 Qxe4 30. Qxg5 Re8 31. Bf3 Qf5 32. Qh4 Bb5 33. Be4 Qh5 34. Qxh5 gxh5 35. Bd5 Kf8 36. Bf3 Ke7 37. Bxh5 Ba4 38. R1d2 Rh8 39. Bf3 Bh6 40. R2d5 Bc6 41. Rd1 Bxf3 42. gxf3 Bg7 43. R1d5 Bh6 44. Rb6 f6 45. Rdd6 Bg7 46. Re6+ Kf7 47. Red6 Re8 48. Kf1 Ree7 49. Ke2 Rc5 50. Rb4 Rxa5 51. Rxc4 Ra2 52. Rb6 Ra5 53. Rcb4 Rb5 54. R6xb5 axb5 55. Rxb5 Ke6 56. f4 exf4 57. gxf4 Rc7 58. Kf3 Bf8 59. Rb6+ Kf5 60. Rb5+ Kg6 61. Kg4 Bc5 62. Kf3 f5 63. Ke2 Kf6 64. Kf3 Ke6 65. Kg2 Bd6 66. Kf3 Rc4 67. Rxb7 Rxf4+ 68. Ke2 Re4+ 69. Kf3 Rf4+ 70. Ke2 Bc5 71. f3 Rh4 72. Rb5 Rh2+ 73. Ke1 Be3 74. Rb8 f4 75. c4 Ke5 76. b4 Rb2 77. Kd1 Kd4 78. c5 Kd3 79. Rd8+ Bd4 80. Kc1 Rxb4 81. Re8 Be3+ 0-1

[Event "Berlin-ch"]
[Site "Berlin"]
[Date "2009.04.16"]
[Round "6"]
[White "Bukowski, Henryk"]
[Black "Kachibadze, Georg"]
[Result "1/2-1/2"]
[WhiteElo "2152"]
[BlackElo "2171"]
[PlyCount "77"]
[EventDate "2009.04.11"]
[EventType "swiss"]
[EventRounds "9"]
[EventCountry "GER"]
[SourceTitle "CBM 129 Extra"]
[Source "ChessBase"]
[SourceDate "2009.05.05"]
[SourceVersion "2"]
[SourceVersionDate "2009.05.20"]
[SourceQuality "1"]

1. e4 c5 2. Nf3 Nc6 3. d4 cxd4 4. Nxd4 Nf6 5. Nc3 g6 6. Be3 Bg7 7. Qd2 0-0 8. Bc4 Nxe4 9. Bxf7+ Rxf7 10. Nxe4 Qa5 11. Qxa5 Nxa5 12. b3 Nc6 13. 0-0-0 d6 14. f3 Bd7 15. Rhe1 h6 16. Re2 Nb4 17. c3 Nd5 18. c4 Rc8 19. Kb1 Nxe3 20. Rxe3 Be5 21. h3 a6 22. Nc2 Be8 23. c5 dxc5 24. Red3 c4 25. Rd8 Rxd8 26. Rxd8 Rf8 27. bxc4 Bc6 28. Rxf8+ Kxf8 29. Nb4 Bd7 30. Kc2 e6 31. Kd3 Ke7 32. Nc2 Bb8 33. Nd4 e5 34. Nc2 a5 35. Ne3 Bc6 36. Nd5+ Ke6 37. Nc5+ Kd6 38. Ne4+ Ke6 39. Nc5+ 1/2-1/2

[Event "Berlin-ch"]
[Site "Berlin"]
[Date "2009.04.15"]
[Round "5"]
[White "Bruchmann, Stephan"]
[Black "Bukowski, Henryk"]
[Result "1-0"]
[WhiteElo "2288"]
[BlackElo "2152"]
[PlyCount "81"]
[EventDate "2009.04.11"]
[EventType "swiss"]
[EventRounds "9"]
[EventCountry "GER"]
[SourceTitle "CBM 129 Extra"]
[Source "ChessBase"]
[SourceDate "2009.05.05"]
[SourceVersion "2"]
[SourceVersionDate "2009.05.20"]
[SourceQuality "1"]

1. e4 Nf6 2. Nc3 d6 3. d4 e6 4. Bd3 Be7 5. Nf3 a5 6. 0-0 Na6 7. a3 c6 8. Re1 d5 9. e5 Nd7 10. Ne2 0-0 11. Nf4 Re8 12. c3 Nf8 13. g3 c5 14. h4 c4 15. Bc2 b5 16. Nh3 Bd7 17. Nfg5 Bxg5 18. Bxg5 f6 19. Bd2 Qe7 20. Qg4 f5 21. Qf3 Nc7 22. Kh2 Kh8 23. Nf4 Red8 24. Rg1 Be8 25. h5 Rd7 26. Kh3 h6 27. g4 fxg4+ 28. Rxg4 Nh7 29. Ng6+ Bxg6 30. hxg6 Nf8 31. Rf4 Kg8 32. Rg1 Qe8 33. Qh5 Rb8 34. Rg3 Re7 35. Rgf3 Qd7 36. Rf7 Rbe8 37. Bxh6 Nxg6 38. Bxg6 gxh6 39. Qxh6 Rxf7 40. Bxf7+ Qxf7 41. Rg3+ 1-0

[Event "Berlin-ch"]
[Site "Berlin"]
[Date "2009.04.14"]
[Round "4"]
[White "Bukowski, Henryk"]
[Black "Schulz, Michael"]
[Result "1-0"]
[WhiteElo "2152"]
[BlackElo "2268"]
[PlyCount "87"]
[EventDate "2009.04.11"]
[EventType "swiss"]
[EventRounds "9"]
[EventCountry "GER"]
[SourceTitle "CBM 129 Extra"]
[Source "ChessBase"]
[SourceDate "2009.05.05"]
[SourceVersion "2"]
[SourceVersionDate "2009.05.20"]
[SourceQuality "1"]

1. d4 Nf6 2. g3 c5 3. d5 e6 4. dxe6 fxe6 5. Bg2 d5 6. Nf3 Nc6 7. 0-0 Be7 8. b3 0-0 9. Bb2 Qc7 10. Nbd2 b5 11. Re1 Rb8 12. e4 c4 13. c3 Ng4 14. Qe2 Bc5 15. exd5 exd5 16. Nd4 Bxd4 17. Bxd5+ Kh8 18. cxd4 Qd6 19. Bf3 Nxd4 20. Bxd4 Qxd4 21. Rad1 h5 22. Nxc4 Qf6 23. Nd2 Rb6 24. Ne4 Qh6 25. h3 Nf6 26. Nd6 Bxh3 27. Qe7 Rbb8 28. Nf7+ Rxf7 29. Qxf7 a6 30. Rd4 Bf5 31. Rh4 Bg6 32. Qc7 Rf8 33. Kg2 Qd2 34. Re2 Qd3 35. Re3 Qd2 36. Qc5 Rd8 37. Qg5 Qc2 38. Bxh5 Bxh5 39. Rxh5+ Kg8 40. Rh6 Qc6+ 41. Rf3 Rf8 42. Rg6 Qb7 43. Kg1 Rd8 44. Rgxf6 1-0

[Event "Berlin-ch"]
[Site "Berlin"]
[Date "2009.04.12"]
[Round "2"]
[White "Bukowski, Henryk"]
[Black "Hoppe, Frank"]
[Result "1-0"]
[WhiteElo "2152"]
[BlackElo "2076"]
[PlyCount "85"]
[EventDate "2009.04.11"]
[EventType "swiss"]
[EventRounds "9"]
[EventCountry "GER"]
[SourceTitle "CBM 129 Extra"]
[Source "ChessBase"]
[SourceDate "2009.05.05"]
[SourceVersion "2"]
[SourceVersionDate "2009.05.20"]
[SourceQuality "1"]

1. d4 Nf6 2. Nf3 d5 3. c4 c6 4. Nc3 e6 5. Bg5 Be7 6. e3 0-0 7. Rc1 Nbd7 8. Bd3 b6 9. 0-0 Bb7 10. Qe2 c5 11. Rfd1 Ne4 12. Bxe7 Qxe7 13. cxd5 exd5 14. Ba6 Nxc3 15. bxc3 Bxa6 16. Qxa6 c4 17. Qb5 Nf6 18. Qb2 Ne4 19. Re1 Rfd8 20. Ne5 Qc7 21. f3 Nd6 22. Qc2 Re8 23. Ng4 Qc8 24. Nf2 f5 25. Nh3 Qe6 26. Nf4 Qf7 27. h4 Re7 28. Kf2 Rae8 29. Qa4 Rc7 30. g3 g6 31. Rb1 h6 32. Qa3 Rd8 33. Rh1 Ne8 34. Qb4 Nf6 35. a4 g5 36. hxg5 hxg5 37. Rbg1 Re7 38. Rh6 Nh7 39. Ng2 Re6 40. Rh2 Rde8 41. Rgh1 Nf6 42. Qb1 Qg6 43. Rh6 1-0

[Event "Berlin Lichtenberger op 7th"]
[Site "Berlin"]
[Date "2008.08.24"]
[Round "9"]
[White "Werner, Michael"]
[Black "Bukowski, Henryk"]
[Result "1/2-1/2"]
[WhiteElo "2106"]
[BlackElo "2175"]
[PlyCount "106"]
[EventDate "2008.08.16"]
[EventType "swiss"]
[EventRounds "9"]
[EventCountry "GER"]
[SourceTitle "CBM 126 Extra"]
[Source "ChessBase"]
[SourceDate "2008.11.05"]
[SourceVersion "1"]
[SourceVersionDate "2008.11.05"]
[SourceQuality "1"]

1. d4 Nf6 2. c4 e6 3. Nf3 c5 4. d5 exd5 5. cxd5 d6 6. Nc3 g6 7. Bg5 Bg7 8. e3 0-0 9. Be2 a6 10. a4 Re8 11. Nd2 Nbd7 12. 0-0 Ne5 13. h3 Rb8 14. f4 Ned7 15. e4 Qc7 16. Kh1 h6 17. Bh4 Nh7 18. Bf2 b6 19. Qc2 Ra8 20. Bf3 Rb8 21. Be2 g5 22. g3 Ndf8 23. Kh2 Ng6 24. f5 Ne5 25. Nc4 Nxc4 26. Bxc4 Nf6 27. Rae1 Nd7 28. g4 Ne5 29. Be2 Bf6 30. Bg3 Ra8 31. Kg2 Bd7 32. Rh1 Kg7 33. h4 Qb7 34. hxg5 hxg5 35. Rh5 Rh8 36. Reh1 Rxh5 37. Rxh5 Rh8 38. Bxe5 dxe5 39. Rxh8 Kxh8 40. Qd3 Bc8 41. Qc4 Kg7 42. Nd1 Be7 43. Ne3 Bd7 44. Qxa6 Qxa6 45. Bxa6 Bxa4 46. Kf3 f6 47. Ke2 Kf7 48. Kd3 Bd8 49. Kc4 Bd7 50. Bb5 Bc8 51. Nd1 Ke7 52. Nc3 Kd6 53. Ne2 Bb7 1/2-1/2

[Event "Berlin Kreuzberg op 9th"]
[Site "Berlin"]
[Date "2008.07.25"]
[Round "7"]
[White "Jaeger, Andre"]
[Black "Bukowski, Henryk"]
[Result "0-1"]
[WhiteElo "2019"]
[BlackElo "2175"]
[PlyCount "126"]
[EventDate "2008.07.19"]
[EventType "swiss"]
[EventRounds "9"]
[EventCountry "GER"]
[SourceTitle "EXT 2019"]
[Source "ChessBase"]
[SourceDate "2018.10.10"]
[SourceVersion "1"]
[SourceVersionDate "2018.10.10"]
[SourceQuality "1"]

1. d4 Nf6 2. c4 e6 3. Nc3 c5 4. Nf3 cxd4 5. Nxd4 Nc6 6. g3 Qb6 7. Nb3 a6 8. Bg2 h5 9. h4 Be7 10. 0-0 0-0 11. c5 Qd8 12. Bf4 b6 13. Bxc6 dxc6 14. Qxd8 Bxd8 15. Bd6 Re8 16. Nd4 Bb7 17. Rfd1 b5 18. b4 Nd5 19. Nxd5 exd5 20. e3 Bf6 21. a4 g6 22. a5 Re4 23. Ra3 Rae8 24. Rad3 Kg7 25. Bf4 Bxd4 26. Rxd4 Bc8 27. f3 Rxd4 28. Rxd4 Bf5 29. Kf2 f6 30. Rd2 Kf7 31. Rd4 Be6 32. Ke2 Rg8 33. Kf2 g5 34. Bd6 g4 35. f4 Bf5 36. Ke2 Re8 37. Kd2 Kg6 38. Bc7 Be4 39. Bd6 Kf5 40. Ke2 Bc2 41. Kd2 Bb3 42. Bc7 Bc4 43. Bd6 Re4 44. Bc7 Rxd4+ 45. exd4 Ke4 46. f5 Kxd4 47. Bd8 Ke4 48. Kc3 d4+ 49. Kd2 Kxf5 50. Bc7 Ke4 51. Bd8 f5 52. Bc7 Bf1 53. Bf4 Bg2 54. Kc2 Bf3 55. Kd2 Kd5 56. Kd3 Be4+ 57. Ke2 Kc4 58. Bd2 f4 59. gxf4 g3 60. Be1 g2 61. Kf2 Kd3 62. f5 Bxf5 63. Kxg2 Ke2 0-1

[Event "Berlin Kreuzberg op 9th"]
[Site "Berlin"]
[Date "2008.07.23"]
[Round "5"]
[White "Hahlbohm, Matthias"]
[Black "Bukowski, Henryk"]
[Result "1/2-1/2"]
[WhiteElo "2085"]
[BlackElo "2175"]
[PlyCount "30"]
[EventDate "2008.07.19"]
[EventType "swiss"]
[EventRounds "9"]
[EventCountry "GER"]
[SourceTitle "EXT 2019"]
[Source "ChessBase"]
[SourceDate "2018.10.10"]
[SourceVersion "1"]
[SourceVersionDate "2018.10.10"]
[SourceQuality "1"]

1. e4 c5 2. c3 Qa5 3. Bc4 e6 4. Nf3 Nc6 5. 0-0 Nf6 6. e5 Nd5 7. d4 Nc7 8. Re1 cxd4 9. cxd4 d5 10. exd6 Bxd6 11. d5 Bb4 12. Re2 Nd8 13. a3 0-0 14. d6 Nd5 15. axb4 Qxa1 1/2-1/2

[Event "Berlin Kreuzberg op 9th"]
[Site "Berlin"]
[Date "2008.07.21"]
[Round "3"]
[White "Sechting, Martin"]
[Black "Bukowski, Henryk"]
[Result "1-0"]
[WhiteElo "2100"]
[BlackElo "2175"]
[PlyCount "97"]
[EventDate "2008.07.19"]
[EventType "swiss"]
[EventRounds "9"]
[EventCountry "GER"]
[SourceTitle "EXT 2019"]
[Source "ChessBase"]
[SourceDate "2018.10.10"]
[SourceVersion "1"]
[SourceVersionDate "2018.10.10"]
[SourceQuality "1"]

1. d4 Nf6 2. c4 e6 3. Nf3 d5 4. Nc3 Nbd7 5. Bg5 Be7 6. cxd5 exd5 7. Qc2 c6 8. e3 0-0 9. Bd3 Re8 10. 0-0 Nf8 11. Rab1 Bg4 12. Ne5 Bh5 13. b4 a6 14. a4 Bg6 15. b5 axb5 16. axb5 c5 17. dxc5 Bxc5 18. Bxf6 gxf6 19. Nxg6 hxg6 20. Rfd1 Rc8 21. Qb3 Re5 22. Bc4 d4 23. Bxf7+ Kg7 24. Na4 Qe7 25. Nxc5 Rexc5 26. Bd5 Rc3 27. Qb4 Qxb4 28. Rxb4 dxe3 29. fxe3 b6 30. e4 R8c5 31. Ra1 Rc1+ 32. Rxc1 Rxc1+ 33. Kf2 Rc2+ 34. Kf1 Rc1+ 35. Ke2 Rc2+ 36. Kf3 Rc3+ 37. Kf2 Rc2+ 38. Kg3 Rc3+ 39. Kh4 g5+ 40. Kg4 Nd7 41. Kf5 Nc5 42. e5 Nd7 43. exf6+ Nxf6 44. Bf3 Rc5+ 45. Ke6 Kg6 46. h3 Nh5 47. Kd6 Nf4 48. Bc6 Rc2 49. Be4+ 1-0

[Event "Berlin Unicorn op"]
[Site "Berlin"]
[Date "2008.05.03"]
[Round "6"]
[White "Bukowski, Henryk"]
[Black "Noetzel, Felix"]
[Result "1/2-1/2"]
[WhiteElo "2177"]
[BlackElo "1843"]
[PlyCount "82"]
[EventDate "2008.04.30"]
[EventType "swiss"]
[EventRounds "7"]
[EventCountry "GER"]
[SourceTitle "CBM 124 Extra"]
[Source "ChessBase"]
[SourceDate "2008.07.03"]
[SourceVersion "1"]
[SourceVersionDate "2008.07.03"]
[SourceQuality "1"]

1. Nf3 d5 2. d4 e6 3. g3 f5 4. Bg2 Nf6 5. 0-0 Be7 6. c4 c6 7. Nc3 0-0 8. b3 Nbd7 9. Ng5 Nb8 10. Bb2 h6 11. Nf3 g5 12. Ne5 Qe8 13. e3 g4 14. Nd3 h5 15. Nf4 h4 16. Re1 Kg7 17. Qc2 Rh8 18. a3 Bd6 19. Bf1 Ne4 20. Bd3 Ng5 21. Be2 Nf3+ 22. Bxf3 gxf3 23. cxd5 exd5 24. Qd1 Bxf4 25. exf4 Qh5 26. Re7+ Kf8 27. Re3 hxg3 28. Qxf3 Qxh2+ 29. Kf1 Qxf2+ 30. Qxf2 gxf2 31. Nd1 Nd7 32. Nxf2 Nf6 33. Ke2 Ne4 34. Rh1 Rxh1 35. Nxh1 Be6 36. Rh3 Kg7 37. Nf2 Kg6 38. Ke3 Rg8 39. Nxe4 fxe4 40. Rg3+ Kf5 41. Rxg8 Bxg8 1/2-1/2

[Event "Berlin Kreuzberg op"]
[Site "Berlin"]
[Date "2007.07.20"]
[Round "6"]
[White "Bukowski, Henryk"]
[Black "Welz, Peter"]
[Result "1-0"]
[WhiteElo "2131"]
[BlackElo "2174"]
[PlyCount "55"]
[EventDate "2007.07.20"]
[EventType "swiss"]
[EventRounds "9"]
[EventCountry "GER"]
[SourceTitle "EXT 2008"]
[Source "ChessBase"]
[SourceDate "2007.11.25"]
[SourceVersion "1"]
[SourceVersionDate "2007.11.25"]
[SourceQuality "1"]

1. d4 f5 2. Nf3 Nf6 3. g3 g6 4. Bg2 Bg7 5. 0-0 0-0 6. c4 d6 7. Nc3 Nc6 8. d5 Ne5 9. Nxe5 dxe5 10. Qb3 h6 11. Be3 g5 12. Rad1 Kh8 13. Bc5 Rg8 14. Ba3 a6 15. c5 Qe8 16. Rd2 Qh5 17. d6 exd6 18. cxd6 cxd6 19. Nd5 Nxd5 20. Bxd5 Rd8 21. Bf7 Qh3 22. Rfd1 f4 23. Bxd6 Bg4 24. Bg6 Rd7 25. Bxe5 Bxe5 26. Rxd7 Be6 27. Qxb7 Rf8 28. Rh7+ 1-0

[Event "Berlin Unicorn op"]
[Site "Berlin"]
[Date "2007.05.18"]
[Round "4"]
[White "Bukowski, Henryk"]
[Black "Kornath, Heinrich"]
[Result "1-0"]
[WhiteElo "2131"]
[BlackElo "1838"]
[PlyCount "117"]
[EventDate "2007.05.16"]
[EventType "swiss"]
[EventRounds "7"]
[EventCountry "GER"]
[SourceTitle "CBM 118 Extra"]
[Source "ChessBase"]
[SourceDate "2007.07.04"]
[SourceVersion "1"]
[SourceVersionDate "2007.07.04"]
[SourceQuality "1"]

1. d4 Nf6 2. Nf3 c6 3. g3 d5 4. Bg2 Bf5 5. 0-0 e6 6. c4 Be7 7. Nc3 0-0 8. Nh4 Bg6 9. Nxg6 hxg6 10. Qb3 Qb6 11. Qxb6 axb6 12. cxd5 exd5 13. a3 Re8 14. Re1 b5 15. Bd2 Nbd7 16. e4 dxe4 17. Nxe4 Nxe4 18. Rxe4 Nf6 19. Re2 Rad8 20. Rae1 Kf8 21. Bc3 Bd6 22. Kf1 Rxe2 23. Rxe2 g5 24. h3 Be7 25. Re5 g4 26. h4 g6 27. Ke1 Bd6 28. Re2 Bc7 29. Bb4+ Bd6 30. Bc3 Be7 31. Rd2 Nd5 32. Bxd5 Rxd5 33. Ke2 b6 34. Rd3 f5 35. Bd2 Bd6 36. Be3 Kf7 37. b4 Ke6 38. Rc3 Kd7 39. Rc1 Be7 40. Rc2 Bf6 41. Rd2 Ke6 42. Rc2 Kd7 43. Rd2 Ke6 44. Rc2 Kd7 45. Kd3 Be7 46. Rb2 Ke6 47. Rb1 Rd7 48. Re1 Kd5 49. Bf4 Bd6 50. Bxd6 Kxd6 51. Re8 Kc7 52. Ke3 Kd6 53. Rg8 Re7+ 54. Kf4 Ra7 55. Rxg6+ Kd5 56. h5 Rxa3 57. h6 Rf3+ 58. Kg5 Rxf2 59. h7 1-0

[Event "Berlin Lichtenrade op 03rd"]
[Site "Berlin"]
[Date "2007.04.13"]
[Round "7"]
[White "Kornath, Heinrich"]
[Black "Bukowski, Henryk"]
[Result "0-1"]
[WhiteElo "1838"]
[BlackElo "2131"]
[PlyCount "78"]
[EventDate "2007.04.07"]
[EventType "swiss"]
[EventRounds "9"]
[EventCountry "GER"]
[SourceTitle "EXT 2008"]
[Source "ChessBase"]
[SourceDate "2007.11.25"]
[SourceVersion "1"]
[SourceVersionDate "2007.11.25"]
[SourceQuality "1"]

1. e4 e6 2. d4 d5 3. Nd2 Nf6 4. e5 Nfd7 5. c3 c5 6. Ne2 Qb6 7. Nf3 Nc6 8. g3 Be7 9. Bg2 0-0 10. 0-0 Qc7 11. Re1 b6 12. h4 a5 13. Nh2 Ba6 14. Be3 Rfc8 15. a3 Nf8 16. Nf4 Qd8 17. Qg4 Kh8 18. Nh5 g6 19. Bh6 cxd4 20. Bg7+ Kg8 21. Bf6 dxc3 22. Qg5 Nd7 23. Ng4 cxb2 24. Rab1 Bd3 25. Rxb2 Bf5 26. Bxe7 Qxe7 27. Nhf6+ Kh8 28. Qh6 Nf8 29. Ne3 Nxe5 30. Nfxd5 exd5 31. Bxd5 Ra7 32. Kg2 Rd7 33. Nxf5 gxf5 34. Ba2 Nfg6 35. h5 Nh4+ 36. gxh4 Qxh4 37. Rxe5 Rg8+ 38. Kf1 Qh1+ 39. Ke2 Qd1+ 0-1

[Event "Berlin op 08"]
[Site "Berlin"]
[Date "2006.08.25"]
[Round "7"]
[White "Bukowski, Henryk"]
[Black "Kapr, Klaus"]
[Result "1/2-1/2"]
[WhiteElo "1924"]
[BlackElo "2052"]
[PlyCount "120"]
[EventDate "2006.08.19"]
[EventType "swiss"]
[EventRounds "9"]
[EventCountry "GER"]
[SourceTitle "EXT 2007"]
[Source "ChessBase"]
[SourceDate "2006.11.23"]
[SourceVersion "1"]
[SourceVersionDate "2006.11.23"]
[SourceQuality "1"]

1. c4 e5 2. Nc3 Nc6 3. g3 Nf6 4. Bg2 Bc5 5. e3 d6 6. Nge2 0-0 7. 0-0 Bg4 8. a3 a5 9. d3 Qd7 10. Nb5 Rfe8 11. Qc2 Rad8 12. e4 h6 13. Rb1 Re7 14. Nec3 Rf8 15. Bd2 Bh3 16. Nd5 Nxd5 17. cxd5 Nd8 18. Bxh3 Qxh3 19. b4 axb4 20. axb4 Bb6 21. Be3 Bxe3 22. fxe3 Qd7 23. Qc4 c6 24. Nc3 Kh8 25. Rbc1 f5 26. exf5 Rxf5 27. Rxf5 Qxf5 28. Rf1 Qd7 29. Rf8+ Kh7 30. Qe4+ g6 31. dxc6 bxc6 32. Rf6 Rg7 33. b5 Qe7 34. Qf3 Ne6 35. bxc6 Ng5 36. Qf1 Nh3+ 37. Qxh3 Qxf6 38. Nd5 Qg5 39. Qh4 Ra7 40. Qxg5 hxg5 41. c7 Ra1+ 42. Kg2 Rc1 43. Kf3 Kg7 44. Kg4 Kh6 45. e4 Rc2 46. Kf3 Kg7 47. h3 Kh6 48. Ke3 Kg7 49. d4 Kf7 50. dxe5 dxe5 51. Kd3 Rc5 52. Kd2 Rc4 53. Ke3 Ke6 54. Kd3 Rd4+ 55. Ke3 Kd7 56. Kf3 g4+ 57. hxg4 g5 58. Ke3 Kc8 59. Kf3 Rd3+ 60. Kf2 Rd2+ 1/2-1/2

[Event "Berlin op 08"]
[Site "Berlin"]
[Date "2006.08.21"]
[Round "3"]
[White "Bukowski, Henryk"]
[Black "Kornrumpf, Joachim"]
[Result "1-0"]
[WhiteElo "1924"]
[BlackElo "2020"]
[PlyCount "139"]
[EventDate "2006.08.19"]
[EventType "swiss"]
[EventRounds "9"]
[EventCountry "GER"]
[SourceTitle "EXT 2007"]
[Source "ChessBase"]
[SourceDate "2006.11.23"]
[SourceVersion "1"]
[SourceVersionDate "2006.11.23"]
[SourceQuality "1"]

1. Nf3 c5 2. g3 b6 3. Bg2 Bb7 4. 0-0 Nf6 5. d3 e6 6. e4 d6 7. Re1 Be7 8. c3 Nbd7 9. Nbd2 0-0 10. h3 Qc7 11. b3 Rad8 12. Bb2 Rfe8 13. Rc1 Qb8 14. Qe2 Nf8 15. c4 Ng6 16. Rcd1 Nd7 17. Nf1 Bf8 18. h4 h6 19. N1h2 Nge5 20. h5 Be7 21. Nxe5 Nxe5 22. Ng4 Nxg4 23. Qxg4 e5 24. Rf1 Bc8 25. Qe2 Bd7 26. f4 Bf6 27. f5 b5 28. Bc1 Qc7 29. Be3 Ra8 30. Qd2 Kf8 31. Kh2 b4 32. g4 Reb8 33. Bxh6 gxh6 34. Qxh6+ Bg7 35. Qg5 f6 36. Qg6 Be8 37. Qh7 Qf7 38. h6 Qg8 39. Qxg7+ Qxg7 40. hxg7+ Kxg7 41. Kg3 Bf7 42. Rh1 Rg8 43. Bf3 Kf8 44. a3 a5 45. axb4 axb4 46. Ra1 Ke7 47. Kf2 Rgb8 48. Ke3 Kf8 49. Rh8+ Bg8 50. Rhh1 Kg7 51. Rhb1 Bf7 52. Rg1 Rh8 53. Be2 Kh6 54. Rh1+ Kg7 55. Rxh8 Rxa1 56. Rd8 Ra6 57. Bd1 Bg8 58. Kd2 Bf7 59. Be2 Kh6 60. Rh8+ Kg7 61. Rd8 Kh6 62. Kc1 Kg7 63. Kb2 Kh6 64. Rd7 Kg7 65. Bd1 Kf8 66. Rb7 Kg7 67. g5 Kf8 68. g6 Bg8 69. Bh5 Ra8 70. g7# 1-0